|
|
|
|
| LEADER |
00000nam a2200000 a 4500 |
| 001 |
vtls001460690 |
| 003 |
SK-MaSNL |
| 005 |
20260301104120.0 |
| 008 |
240314s2003 xo a r slo |
| 015 |
|
|
|a SNBA2004/03-02404
|
| 020 |
|
|
|a 8088816890
|
| 035 |
|
|
|a SNK000415997
|
| 035 |
|
|
|a urn:nbn:sk:snk-amyf4o
|
| 035 |
|
|
|a urn:nbn:sk:snk-am00cezg
|
| 035 |
|
|
|a C2B7A571-B276-4DD9-A051-06ECE751FD53
|
| 040 |
|
|
|a SNK
|b slo
|c SNK
|e AACR2
|
| 041 |
0 |
|
|a slo
|
| 044 |
|
|
|a xo
|c SK
|
| 072 |
|
7 |
|a 69
|x Stavebníctvo
|2 konspekt
|
| 072 |
|
7 |
|a 74
|x Kreslenie. Dizajn. Umelecké remeslá
|2 konspekt
|
| 080 |
|
|
|a 69
|2 1981
|
| 080 |
|
|
|a 744
|2 1981
|
| 080 |
|
|
|a (075.3)
|2 1981
|
| 100 |
1 |
|
|a Doseděl, Antonín
|4 aut
|9 397062
|
| 240 |
1 |
0 |
|a Odborné kreslení pro 3. ročníky SOU stavebních
|l Slovensky
|
| 245 |
1 |
0 |
|a Odborné kreslenie pre 3. ročník SOU
|c Antonín Doseděl a kolektív ; [z českého originálu preložila Katarína Vladárová]
|
| 250 |
|
|
|a 1. preprac. vyd.
|
| 260 |
|
|
|a Bratislava
|b Alfa plus
|c 2003
|
| 300 |
|
|
|a 93 s.
|b sch., tab.
|c 30 cm
|
| 490 |
1 |
|
|a Edícia stavebníckej literatúry
|
| 500 |
|
|
|a Celkove 2. vyd.
|
| 504 |
|
|
|a Bibliogr. s. 92. Prehľad použitých noriem a predpisov
|
| 650 |
0 |
7 |
|a stavebníctvo
|2 SNKPH
|9 726
|
| 650 |
0 |
7 |
|a odborné kreslenie
|2 SNKPH
|9 3079
|
| 655 |
|
7 |
|a učebnice stredných škôl
|2 SNKPH
|9 69323
|
| 700 |
1 |
|
|a Kubát, Jan
|4 aut
|9 290876
|
| 700 |
1 |
|
|a Soukup, Jiří
|4 aut
|9 385911
|
| 700 |
1 |
|
|a Vladárová, Katarína,
|d 1943-
|4 trl
|9 86717
|
| 830 |
|
0 |
|a Edícia stavebníckej literatúry
|9 268357
|
| 919 |
|
|
|a 80-88816-89-0
|
| 968 |
|
|
|b ČES
|d 73/77
|
| 999 |
|
|
|c 697286
|d 699216
|
| 952 |
|
|
|t P60, <04>, [BOOK], {604}
|a SNK
|b SNK
|y VYP
|7 0
|p 17A0399106
|o snkSB 67336 D1
|i snkKSP 12602/2003
|0 0
|1 0
|4 0
|d 2003-10-01
|l 0
|r 2005-01-02 00:00:00
|w 2026-02-23
|
| 952 |
|
|
|t P60, <03>, [BOOK], {603}
|a SNK
|b SNK
|y PREZ
|7 0
|p 17A0399105
|o snkSB 67336
|i snkKSP 12601/2003
|0 0
|1 0
|4 0
|d 2003-10-01
|f 1
|l 0
|r 2025-04-16 00:00:00
|w 2026-02-23
|